000 01145cam a2200301u 4500
999 _c59259
_d59259
003 BJBSDDR
005 20230410121150.0
007 ta
008 901005s1911 enkb 000 0 eng
040 _aDLC
_cDLC
_bspa
041 _aeng
050 1 4 _aJZ 3715
_bA696p 1911
100 1 _aArias Madrid, Harmodio,
_d1886-1962.
245 1 4 _aThe Panama canal :
_ba study in international law and diplomacy,
_cby Harmodio Arias
260 _aLondon :
_bP.S. King and Son,
_c1911.
300 _axxxviii, 207 p. ;
_c19 cm.
440 0 _aStudies in economics and political science ;
_v25
583 _aReplace;
_zLC copy replaced by preservation microfilm
_5DLC
651 0 _aPanama Canal (Panama)
651 4 _aCanal de Panamá (Panamá)
_92715
_xHistoria.
651 4 _aCanal de Panamá (Panamá)
_918926
_xEstatus internacional
651 0 _aPanama Canal (Panama)
_xRates and tolls.
651 0 _aUnited States
_xForeign relations.
651 4 _aPanamá
_xRelaciones exteriores
_918925
_zEstados Unidos
651 4 _aEstados Unidos
_xRelaciones exteriores
_974
_zPanamá
906 _a0
_bcbc
_cpremunv
_du
_encip
_f19
_gy-gencatlg
942 _2lcc
_cBK